| 000 | 00796 a2200193 4500 | ||
|---|---|---|---|
| 003 | NUST | ||
| 005 | 20251124181138.0 | ||
| 040 | _cNust | ||
| 082 | _a621.382,ATI | ||
| 100 |
_aCapt. Atif (TCC-19/TE-44) _9131482 |
||
| 245 |
_aFace Recognition System / _cCapt. Atif, CSUO Junayed, CJUO Arslan & GC Junaid |
||
| 260 |
_aRawalpindi _bMCS (NUST) _cJuly 2011 |
||
| 300 | _axi,67 p.; | ||
| 505 | _aIntroduction (Page-1), Background (Page-2), Digital Image Processing (Page-12), System Overview (Page-23), Environment (Page-29), System Implementation (Page-31), application and Scope (Page-46), Extension and Conclusion (Page-46), Bibliography (Page-48). | ||
| 650 |
_aUG Projects _998716 |
||
| 651 |
_aTCC-19/TE-44 _9131483 |
||
| 700 |
_aSupervised by Dr. Adil Masood _9132048 |
||
| 942 |
_cPR _2ddc |
||
| 999 |
_c188982 _d188982 |
||